La cultura científica (Record no. 138351)

MARC details
000 -LEADER
campo de control de longitud fija 00863nam a2200217 4500
001 - NÚMERO DE CONTROL
campo de control 138351
003 - IDENTIFICADOR DE NÚMERO DE CONTROL
campo de control ES-MaACL
005 - FECHA Y HORA DE LA ÚLTIMA TRANSACCIÓN
campo de control 20250815074506.0
007 - CAMPO FIJO DE DESCRIPCIÓN FÍSICA--INFORMACIÓN GENERAL
campo de control de longitud fija t|
008 - DATOS DE LONGITUD FIJA--INFORMACIÓN GENERAL
campo de control de longitud fija 070214s1965 sp r ||||1| spa d
100 1# - ENTRADA PRINCIPAL--NOMBRE DE PERSONA
Nombre de persona Sancho Gómez, Juan.
9 (RLIN) 103040
245 13 - MENCIÓN DEL TÍTULO
Título La cultura científica
Resto del título : conferencias pronunciadas en el Colegio Mayor José Antonio de Madrid en los días 15, 16 y 17 de diciembre de 1964 /
Mención de responsabilidad, etc. Juan Sancho Gómez.
260 ## - PUBLICACIÓN, DISTRIBUCIÓN, ETC.
Lugar de publicación, distribución, etc. Madrid :
Nombre del editor, distribuidor, etc. Instituto de Formación Universitaria,
Fecha de publicación, distribución, etc. 1965.
300 ## - DESCRIPCIÓN FÍSICA
Extensión 61 p., 2 lám. ;
Dimensiones 24 cm.
490 1# - MENCIÓN DE SERIE
Mención de serie Aula I . El arbol humano de la ciencia ;
Designación de volumen o secuencia 5
710 2# - ENTRADA AGREGADA--NOMBRE DE ENTIDAD CORPORATIVA
Nombre de entidad corporativa o nombre de jurisdicción como elemento de entrada Instituto de Formación Universitaria (Madrid)
9 (RLIN) 4948
710 2# - ENTRADA AGREGADA--NOMBRE DE ENTIDAD CORPORATIVA
Nombre de entidad corporativa o nombre de jurisdicción como elemento de entrada Colegio Mayor José Antonio (Madrid)
9 (RLIN) 2928
830 03 - PUNTO DE ACCESO ADICIONAL DE SERIE-TÍTULO UNIFORME
Título uniforme El árbol humano de la ciencia
Designación de volumen o secuencia 5
9 (RLIN) 220153
852 ## - LOCALIZACIÓN
Ubicación ES-MaACL
Número de control de estantería C-28020
Sublocalización o colección R.57243
Holdings
Estatus retirado Estado de pérdida Estado de daño No para préstamo Biblioteca de origen Biblioteca actual Ubicación en estantería Fecha de adquisición Fuente de adquisición Total de préstamos Signatura topográfica completa Código de barras Visto por última vez Precio de reemplazo Tipo de ítem Koha
        Biblioteca del Ateneo de Madrid Biblioteca del Ateneo de Madrid Depósito 2 17/01/2008     C-28020 1143963 23/02/2023 23/02/2023 Libro impreso